LEADER 03252nam 2200817 a 450 001 9910451869703321 005 20200520144314.0 010 $a0-8018-8938-3 035 $a(CKB)1000000000482248 035 $a(OCoLC)190774834 035 $a(CaPaEBR)ebrary10188478 035 $a(SSID)ssj0000475016 035 $a(PQKBManifestationID)11304204 035 $a(PQKBTitleCode)TC0000475016 035 $a(PQKBWorkID)10454431 035 $a(PQKB)10274478 035 $a(SSID)ssj0000265410 035 $a(PQKBManifestationID)12043920 035 $a(PQKBTitleCode)TC0000265410 035 $a(PQKBWorkID)10293661 035 $a(PQKB)10702027 035 $a(MiAaPQ)EBC3318278 035 $a(MdBmJHUP)muse2566 035 $a(Au-PeEL)EBL3318278 035 $a(CaPaEBR)ebr10188478 035 $a(OCoLC)923192557 035 $a(EXLCZ)991000000000482248 100 $a20060314d2006 uy 0 101 0 $aeng 135 $aurcn||||||||| 181 $ctxt$2rdacontent 182 $cc$2rdamedia 183 $acr$2rdacarrier 200 10$aUnless the threat of death is behind them$b[electronic resource] $ehard-boiled fiction and film noir /$fJohn T. Irwin 210 $aBaltimore $cJohns Hopkins University Press$dc2006 215 $a1 online resource (xii, 290 pages) 300 $aBibliographic Level Mode of Issuance: Monograph 311 $a0-8018-9080-2 311 $a0-8018-8435-7 320 $aIncludes bibliographical references (p. [277]-282) and index. 327 $a"Where their best interest lies" : Hammett's The Maltese falcon -- Being boss : Chandler's The big sleep -- Beating the boss : Cain's Double indemnity -- Who's the boss? : W.R. Burnett's High sierra -- Deadline at midnight : Cornell Woolrich's Night has a thousand eyes -- A puzzle of character -- Hard-boiled fiction and film noir -- Hard-boiled fiction and film noir continued. 606 $aDetective and mystery stories, American$xHistory and criticism 606 $aNoir fiction, American$xHistory and criticism 606 $aDetective and mystery films$zUnited States$xHistory and criticism 606 $aFilm noir$zUnited States$xHistory and criticism 606 $aPrivate investigators in literature 606 $aDetectives in literature 606 $aMasculinity in literature 606 $aMasculinity in motion pictures 606 $aMen in literature 606 $aMen in motion pictures 608 $aElectronic books. 615 0$aDetective and mystery stories, American$xHistory and criticism. 615 0$aNoir fiction, American$xHistory and criticism. 615 0$aDetective and mystery films$xHistory and criticism. 615 0$aFilm noir$xHistory and criticism. 615 0$aPrivate investigators in literature. 615 0$aDetectives in literature. 615 0$aMasculinity in literature. 615 0$aMasculinity in motion pictures. 615 0$aMen in literature. 615 0$aMen in motion pictures. 676 $a813/.087209 700 $aIrwin$b John T$0456676 801 0$bMiAaPQ 801 1$bMiAaPQ 801 2$bMiAaPQ 906 $aBOOK 912 $a9910451869703321 996 $aUnless the threat of death is behind them$92193842 997 $aUNINA LEADER 06284nam 22006015 450 001 9910484211603321 005 20251113211847.0 010 $a3-030-68161-0 024 7 $a10.1007/978-3-030-68161-6 035 $a(OCoLC)1243305850 035 $a(CKB)4100000011807327 035 $a(MiAaPQ)EBC6524964 035 $a(Au-PeEL)EBL6524964 035 $a(DE-He213)978-3-030-68161-6 035 $a(EXLCZ)994100000011807327 100 $a20210322d2021 u| 0 101 0 $aeng 135 $aurcnu|||||||| 181 $ctxt$2rdacontent 182 $cc$2rdamedia 183 $acr$2rdacarrier 200 14$aThe Migration Crisis in the American Southern Cone $eHate Speech and its Social Consequences /$fedited by Menara Guizardi 205 $a1st ed. 2021. 210 1$aCham :$cSpringer International Publishing :$cImprint: Springer,$d2021. 215 $a1 online resource (223 pages) $cillustrations 225 1 $aLatin American Societies, Current Challenges in Social Sciences,$x2730-5546 300 $aIncludes index. 311 08$a3-030-68160-2 327 $aIntro -- Acknowledgments -- Contents -- List of Figures -- List of Tables -- Contributors -- Part I: The Production of the Crisis -- Chapter 1: The Migration Crisis and the Ecstasies of Hatred -- 1.1 Stitch-and-Anchoring Stitch -- 1.2 Crises and Hatred -- 1.3 Horizons, Compasses and Axes -- 1.4 The Book -- References -- Chapter 2: Transnational Heterogeneities: Migration Configurations in the American Southern Cone (1970-2020) -- 2.1 Introduction -- 2.2 The So-Called Age of Migration (1970-2000) -- 2.3 The "De-Globalizing Impulse" (2001-2015) -- 2.4 The Age of the So-Called Migration Crisis -- 2.5 Situating Heterogeneity -- References -- Chapter 3: On Feminisms and Mobilities: Critical Debates on Migration and Gender in Latin America (1970-2020) -- 3.1 Introduction -- 3.2 The Gender Shift in Migration Studies -- 3.3 Migrant Women in Transnationalism -- 3.3.1 The Role of Female Agency -- 3.3.2 Intersectionality in a Transnational Perspective -- 3.3.3 (Re)defining Families -- 3.4 Migration and the Political Economy of Care and Affection -- 3.5 Challenges of the Present Century -- References -- Part II: Hate Speech and Its Social Consequences -- Chapter 4: Hate Speech as a Moral Narrative -- References -- Chapter 5: The Back and Forth Between National Security and Human Rights: Migration Policies in Argentina Under the Cambiemos Administration (2015-2019) -- 5.1 Introduction -- 5.2 The Sociopolitical Context: Ruptures and Continuities -- 5.3 Policies Old and New: Actors, Resources, Arguments -- 5.4 From Security to Human Rights and Back Again -- 5.5 Response of Civil Society Organizations -- 5.6 In Conclusion: Migration Policies in Argentina, New and Old -- References -- Chapter 6: The Strategic Production of Hate: Anti-migrant Discourse and Xenophobic Practices in Foz de Iguazu?, Brazil -- 6.1 Introduction -- 6.2 The Case Study. 327 $a6.3 Bolsonaro: The Media Production of Hatred of Migrants -- 6.4 The Context: The Tri-Border Area, Foz de Iguazu?, and the UNILA Project -- 6.5 The Hate Campaign -- 6.6 The UNILA: Exception and Contradiction -- 6.6.1 A Space of Exception -- 6.6.2 A Space of Contradiction -- 6.7 Closing Remarks -- Appendices -- References -- Chapter 7: When Data Undermine Discourse: Migration and Post-Globalization in Chile -- 7.1 Introduction -- 7.2 "Putting the House in Order" -- 7.3 Migration Outlook in Chile -- 7.4 Migrants in Chile: Nationalities, Gender, and Geographical Distribution by Regions -- 7.5 Visas Issued and Removal Processes -- 7.6 Conclusions -- References -- Chapter 8: Closing Remarks and Opening Insights - From Uruguay -- 8.1 Introduction -- 8.2 Situationality -- 8.3 Adjustments -- 8.4 Modulations -- 8.5 Withdrawal -- References -- Index. 330 $aThis book analyzes how the increase in migration from other Latin American countries to countries of the American Southern Cone such as Brazil, Argentina and Chile has generated a crisis fueled by the emergence of hate discourses towards migrant populations. While extracontinental migration to Europe, North America and elsewhere has waned over the last decades, migration between Latin American countries has increased dramatically as a product of the differential development of the region?s economies, violence, and political turmoil. This book sets out to explain the effects of these trends by analyzing statistical data, official documents and ethnographic material gathered over a long period of research carried out throughout South America. The volume is divided in two parts. In the first part, it presents a theoretical contribution, synthesizing particularities of intraregional migration in Latin America, as well as the emergence of hate discourses towards migrant populations, developing approaches oriented towards a critical gender perspective. It also underlines important contributions that Latin American migration studies can make to current debates about migration across the globe. In the second part, it presents case studies dedicated to Argentina, Brazil and Chile. The Migration Crisis in the American Southern Cone: Hate Speech and its Social Consequences will be a valuable resource to migration studies researchers by presenting fresh theoretical and empirical contributions to the field from a Latin American perspective. 410 0$aLatin American Societies, Current Challenges in Social Sciences,$x2730-5546 606 $aEmigration and immigration 606 $aEmigration and immigration$xSocial aspects 606 $aEthnology 606 $aHuman Migration 606 $aSociology of Migration 606 $aSociocultural Anthropology 615 0$aEmigration and immigration. 615 0$aEmigration and immigration$xSocial aspects. 615 0$aEthnology. 615 14$aHuman Migration. 615 24$aSociology of Migration. 615 24$aSociocultural Anthropology. 676 $a325.8 702 $aGuizardi$b Menara 801 0$bMiAaPQ 801 1$bMiAaPQ 801 2$bMiAaPQ 906 $aBOOK 912 $a9910484211603321 996 $aThe migration crisis in the American Southern Cone$91897448 997 $aUNINA